000
00347nam a2200157 a 4500
008
190521s1999|||| d
100
1
_a
Frankl V.E.
245
1
0
_a
Teorie a terapie neuróz
260
_a
Praha
_b
Grada
_c
1999
020
_a
8071697796
_c
0
250
_a
1.vydanie
958
_a
A
300
_a
171s.
041
_a
cze
044
_a
CZ
999
_c
20700
_d
20700